[Event "Moscow-Open 2021_A"]
[Site "Moscow"]
[Date "2021.02.25"]
[Round "6.40"]
[White "Utemisov, Damir"]
[Black "Gorovenko, Darya"]
[Result "1-0"]
[WhiteElo "1894"]
[BlackElo "2106"]
[PlyCount "103"]
[EventDate "2021.02.20"]

1. e4 c5 2. Nf3 d6 3. d4 cxd4 4. Nxd4 Nf6 5. Nc3 a6 6. Qe2 e5 7. Nf5 Bxf5 8.
exf5 Nc6 9. Bg5 Nd4 10. Qd3 Be7 11. O-O-O Rc8 12. f4 O-O 13. h3 b5 14. Kb1 b4
15. Ne2 Nxc2 16. fxe5 b3 17. Nc1 dxe5 18. Qxd8 bxa2+ 19. Nxa2 Rfxd8 20. Rxd8+
Bxd8 21. Bxa6 Rc6 22. Bd3 Nd4 23. b4 Bb6 24. Re1 Nd7 25. Kb2 g6 26. g4 Rc8 27.
Rf1 Rb8 28. fxg6 hxg6 29. Bc4 Ne6 30. Bxe6 Bd4+ 31. Ka3 fxe6 32. Rc1 e4 33. Re1
Rf8 34. Rxe4 Rf3+ 35. Ka4 e5 36. h4 Kf7 37. Nc1 Ke6 38. Ne2 Bb2 39. Re3 Rxe3
40. Bxe3 Nf6 41. g5 Nd5 42. Bf2 e4 43. Kb3 Be5 44. Nd4+ Bxd4 45. Bxd4 e3 46. b5
e2 47. Bf2 Ke5 48. Kc2 Kf4 49. Kd3 Kf3 50. Be1 Nb6 51. h5 gxh5 52. g6 1-0

[Event "Moscow-Open 2021_A"]
[Site "Moscow"]
[Date "2021.02.25"]
[Round "6.41"]
[White "Andreev, Konstantin"]
[Black "Sabirov, Timur"]
[Result "1-0"]
[WhiteElo "1819"]
[BlackElo "2048"]
[PlyCount "54"]
[EventDate "2021.02.20"]

1. e4 c5 2. Nf3 d6 3. d4 cxd4 4. Nxd4 Nf6 5. Nc3 a6 6. h4 e6 7. h5 Be7 8. Qf3
Qc7 9. Qg3 b5 10. a3 Bb7 11. Bd3 Nbd7 12. h6 g6 13. Bg5 O-O-O 14. O-O Nh5 15.
Qh4 Bxg5 16. Qxg5 e5 17. Ndxb5 axb5 18. Nxb5 f6 19. Qd2 Qb6 20. a4 Nc5 21. a5
Nxe4 22. Bxe4 Qxb5 23. Bxb7+ Kxb7 24. Ra3 Kc7 25. Rb3 Qa6 26. Qd5 Rd7 27. Rb6
Nf4 1-0

[Event "Moscow-Open 2021_A"]
[Site "Moscow"]
[Date "2021.02.25"]
[Round "6.42"]
[White "Lupolov, Boris"]
[Black "Shaymardanov, Bakhtiyar"]
[Result "1-0"]
[WhiteElo "2045"]
[BlackElo "1702"]
[PlyCount "133"]
[EventDate "2021.02.20"]

1. d4 d5 2. c4 c6 3. Nf3 Nf6 4. Nbd2 Bf5 5. Nh4 Be4 6. Qb3 Qb6 7. f3 Bg6 8.
cxd5 cxd5 9. Qxb6 axb6 10. Nxg6 hxg6 11. e3 Nc6 12. Bb5 e6 13. Nb3 Kd7 14. Bd2
Be7 15. Kf2 Ne8 16. a3 Nd6 17. Bd3 Rac8 18. Rac1 g5 19. e4 e5 20. exd5 Nxd4 21.
Nxd4 exd4 22. h3 g6 23. Rhd1 Rhe8 24. Bb4 Bf6 25. Bd2 Be7 26. Rxc8 Rxc8 27. Rc1
Rc5 28. Rxc5 bxc5 29. a4 c4 30. Bf1 Bf6 31. Bb4 d3 32. b3 cxb3 33. Bxd3 b2 34.
Ke2 Nf5 35. Kd1 Nh4 36. Kc2 Nxg2 37. Bb5+ Kc7 38. d6+ Kb6 39. Bd2 Kc5 40. d7 b6
41. Kb1 Kd6 42. Bc3 Bd8 43. Kxb2 Nf4 44. Bb4+ Kc7 45. a5 Nd5 46. Be1 f5 47. a6
Kd6 48. a7 Nc7 49. Bb4+ Kd5 50. Kb3 Bf6 51. Kc2 Na8 52. Kd3 Nc7 53. Bc3 Bd8 54.
Bd4 Na8 55. Bf2 Be7 56. Kc3 Nc7 57. Kb3 Na8 58. Ka4 Bd8 59. Bg3 f4 60. Bf2 Kd6
61. Be1 Nc7 62. Bb4+ Kd5 63. Bd2 Kd6 64. h4 Na8 65. hxg5 Ke6 66. Bxf4 Kd5 67.
Bd3 1-0

[Event "Moscow-Open 2021_A"]
[Site "Moscow"]
[Date "2021.02.25"]
[Round "6.43"]
[White "Oliinyk, Serafim"]
[Black "Zulpikarov, Ruslan"]
[Result "0-1"]
[WhiteElo "2035"]
[BlackElo "1647"]
[PlyCount "136"]
[EventDate "2021.02.20"]

1. Nf3 Nf6 2. g3 g6 3. Bg2 Bg7 4. O-O O-O 5. d3 d5 6. Nbd2 c6 7. e4 Bg4 8. Qe1
dxe4 9. dxe4 Bxf3 10. Nxf3 e6 11. Qe2 Qb6 12. c3 Qa6 13. Qc2 Nbd7 14. Bf4 Rfd8
15. Rfe1 Nc5 16. Bf1 Qa4 17. b3 Qa5 18. Ne5 Ncxe4 19. Rxe4 Nxe4 20. Qxe4 g5 21.
Bc4 Qxc3 22. Re1 Rd4 23. Qe2 Rxc4 24. Rc1 Qxc1+ 25. Bxc1 Rxc1+ 26. Kg2 Rc5 27.
Nf3 Rd8 28. Qe3 Ra5 29. a4 g4 30. Nh4 b6 31. Qe4 Rd2 32. Qxg4 Rc5 33. Nf3 Rb2
34. Ng5 Rcc2 35. Nh3 h6 36. Qf4 Rxb3 37. Qb8+ Bf8 38. Qxa7 Rbb2 39. Qb8 c5 40.
Qe5 c4 41. g4 Be7 42. Kg3 Rd2 43. Kg2 Bh4 44. Qb8+ Kg7 45. g5 Bxg5 46. Qe5+ Bf6
47. Qg3+ Kf8 48. Qb8+ Bd8 49. Qf4 c3 50. Qxh6+ Ke7 51. Qg5+ Kd7 52. Qg7 Rb3 53.
Qxf7+ Be7 54. Nf4 c2 55. Qxe6+ Kd8 56. Qg8+ Kc7 57. Qc4+ Bc5 58. Ne6+ Kc6 59.
Qe4+ Kd6 60. Qf4+ Kxe6 61. Qxd2 Rb2 62. Qh6+ Kd5 63. Qg5+ Kc4 64. Qc1 Kb3 65.
Qd2 Rb1 66. Qd3+ Kb2 67. Qb5+ Ka1 68. Qd3 c1=Q 0-1

[Event "Moscow-Open 2021_A"]
[Site "Moscow"]
[Date "2021.02.25"]
[Round "6.44"]
[White "Shoshin, Kirill"]
[Black "Agkatsev, Albert A"]
[Result "1-0"]
[WhiteElo "2030"]
[BlackElo "1550"]
[PlyCount "179"]
[EventDate "2021.02.20"]

1. d4 d5 2. c4 c6 3. e3 Nf6 4. Nf3 e6 5. Nbd2 Nbd7 6. b3 Bd6 7. Bb2 O-O 8. Bd3
Qc7 9. c5 Be7 10. O-O b6 11. b4 a5 12. a3 Ba6 13. Qe2 Bxd3 14. Qxd3 Rfb8 15.
Bc3 Ra7 16. Rfb1 axb4 17. axb4 Rba8 18. Rxa7 Rxa7 19. Qc2 Ra6 20. Qb2 Qa7 21.
Ra1 h6 22. Ne1 bxc5 23. bxc5 Rxa1 24. Qxa1 Qb7 25. Nd3 Qb5 26. Nb4 Nb8 27. Qf1
Qa4 28. f3 e5 29. Qa1 Qb5 30. Kf2 Nfd7 31. Qb2 exd4 32. exd4 Bf6 33. Nxd5 Bxd4+
34. Bxd4 Qxb2 35. Ne7+ Kf8 36. Bxb2 Kxe7 37. Bxg7 h5 38. Bd4 Na6 39. Ne4 Ke6
40. h4 Kd5 41. Ke3 f5 42. Nc3+ Kc4 43. Ne2 Naxc5 44. Nf4 Nf8 45. Bg7 Nfe6 46.
Nxh5 f4+ 47. Kd2 Nb3+ 48. Ke1 Nxg7 49. Nxg7 Kd5 50. Ke2 Nc5 51. Nf5 Ke5 52. Ne7
Kf6 53. Nxc6 Kg6 54. Ne7+ Kh5 55. Nf5 Kg6 56. g4 fxg3 57. Nxg3 Nb7 58. Ke3 Nd6
59. Kf4 Nc4 60. Ke4 Nd2+ 61. Ke3 Nc4+ 62. Kd3 Ne5+ 63. Ke4 Nc4 64. Kd3 Ne5+ 65.
Ke4 Nc4 66. f4 Nd2+ 67. Ke3 Nc4+ 68. Kd4 Nd2 69. f5+ Kh6 70. Ke3 Nb3 71. Kf4
Nd4 72. Ke4 Nb5 73. Ke5 Kg7 74. Ne4 Na3 75. Ke6 Nb5 76. Ke7 Nc7 77. f6+ Kg6 78.
h5+ Kh7 79. f7 Nd5+ 80. Kd6 Kg7 81. Kxd5 Kxf7 82. Ke5 Kg7 83. Kf5 Kh6 84. Ng3
Kh7 85. Kg5 Kg7 86. h6+ Kf7 87. Nf5 Kg8 88. Kg6 Kh8 89. Nd6 Kg8 90. Nf7 1-0

[Event "Moscow-Open 2021_A"]
[Site "Moscow"]
[Date "2021.02.25"]
[Round "6.45"]
[White "Gukhman, Sergey"]
[Black "Bogaudinov, Rushan"]
[Result "1/2-1/2"]
[WhiteElo "1667"]
[BlackElo "2016"]
[PlyCount "87"]
[EventDate "2021.02.20"]

1. Nf3 d5 2. g3 Nf6 3. Bg2 g6 4. O-O Bg7 5. d4 O-O 6. c4 c6 7. cxd5 cxd5 8. Nc3
Nc6 9. Ne5 e6 10. Nxc6 bxc6 11. Na4 Nd7 12. b3 c5 13. Bb2 Ba6 14. Re1 Rc8 15.
e3 Qa5 16. Ba3 Rfd8 17. Bxc5 Nxc5 18. Nxc5 Rxc5 19. b4 Qxb4 20. Rb1 Qa5 21.
dxc5 Qxc5 22. Qa4 Bd3 23. Rbc1 Qb6 24. Red1 Bb5 25. Qb3 Qa6 26. Bf1 Bxf1 27.
Rxf1 Be5 28. Qc2 Rb8 29. Rb1 Rc8 30. Qd2 Bc3 31. Qc2 Be5 32. Qd2 Rc4 33. Rfc1
Ra4 34. Rc2 h5 35. Qe2 Qa5 36. f4 Bd6 37. Rb5 Qd8 38. Rc6 Qd7 39. Qc2 Rxa2 40.
Rc8+ Kh7 41. Qc6 Ra1+ 42. Kg2 Ra2+ 43. Kg1 Ra1+ 44. Kg2 1/2-1/2

[Event "Moscow-Open 2021_A"]
[Site "Moscow"]
[Date "2021.02.25"]
[Round "6.46"]
[White "Zhugin, Nikolay"]
[Black "Zverev, Lev"]
[Result "0-1"]
[WhiteElo "1646"]
[BlackElo "1987"]
[PlyCount "90"]
[EventDate "2021.02.20"]

1. e4 e5 2. Nf3 Nc6 3. Bb5 a6 4. Ba4 Nf6 5. d3 Bc5 6. Nc3 d6 7. O-O h6 8. Bxc6+
bxc6 9. Be3 Bxe3 10. fxe3 Be6 11. Ne2 Nh7 12. Qe1 O-O 13. Ng3 Ng5 14. Nd2 d5
15. Nh5 Bg4 16. Ng3 g6 17. h3 Be6 18. Kh2 Qe7 19. c3 Rad8 20. d4 Qd6 21. h4 Nh7
22. Nf3 exd4 23. e5 Qe7 24. exd4 Rde8 25. Qe3 Kg7 26. Rae1 f5 27. Ne2 g5 28.
hxg5 hxg5 29. g3 Qf7 30. Nxg5 Qh5+ 31. Nh3 Qxh3+ 32. Kxh3 f4+ 33. g4 fxe3 34.
Nf4 Ng5+ 35. Kh4 Ne4 36. Nh5+ Kh6 37. Nf6 Nxf6 38. g5+ Kg6 39. Rxf6+ Rxf6 40.
gxf6 Kf5 41. f7 Bxf7 42. Rf1+ Ke4 43. Kg5 e2 44. Re1 Ke3 45. Kf6 Be6 0-1

[Event "Moscow-Open 2021_A"]
[Site "Moscow"]
[Date "2021.02.25"]
[Round "6.47"]
[White "Artemov, Maxim"]
[Black "Kim, Andrey"]
[Result "0-1"]
[WhiteElo "1510"]
[BlackElo "1971"]
[PlyCount "70"]
[EventDate "2021.02.20"]

1. d4 d5 2. c4 c6 3. cxd5 cxd5 4. Bg5 h6 5. Bh4 Qb6 6. Nc3 e5 7. Nxd5 Bb4+ 8.
Nxb4 Qxb4+ 9. Qd2 Qxd2+ 10. Kxd2 exd4 11. f4 Nc6 12. Nf3 Bf5 13. Rg1 Nge7 14.
g4 Be4 15. Bxe7 Kxe7 16. Ne1 Rac8 17. Bg2 Bxg2 18. Rxg2 Rhe8 19. Nd3 Kd6 20.
Rgg1 Re4 21. Rac1 Rce8 22. Rg2 b6 23. b4 b5 24. Rf2 f6 25. h4 Re3 26. Rg2 Ne7
27. Rc2 Nd5 28. Rb2 Nc3 29. Nc1 R8e4 30. f5 Rh3 31. h5 Kd5 32. Nb3 Rxe2+ 33.
Rxe2 Nxe2 34. Nc1 Nxc1 35. Kxc1 Rh1+ 0-1

[Event "Moscow-Open 2021_A"]
[Site "Moscow"]
[Date "2021.02.25"]
[Round "6.48"]
[White "Polukhin, Alexander"]
[Black "Korelskiy, Egor"]
[Result "1-0"]
[WhiteElo "2105"]
[BlackElo "1371"]
[PlyCount "77"]
[EventDate "2021.02.20"]

1. d4 d5 2. c4 e6 3. Nc3 c6 4. e4 dxe4 5. Nxe4 Bb4+ 6. Bd2 Qxd4 7. Bxb4 Qxe4+
8. Be2 c5 9. Bxc5 Qxg2 10. Bf3 Qg5 11. Qd6 Nd7 12. Ba3 Ne7 13. Be4 Ng6 14. Nf3
Qa5+ 15. Bb4 Qb6 16. Bxg6 Qxd6 17. Bxf7+ Kxf7 18. Bxd6 h6 19. O-O-O Re8 20.
Ne5+ Nxe5 21. Bxe5 a5 22. Rhg1 g6 23. Rg3 Rg8 24. b3 Ke8 25. Rdg1 g5 26. f4 Bd7
27. fxg5 Rxg5 28. Rxg5 hxg5 29. Rxg5 Rc8 30. h4 Bc6 31. h5 Be4 32. h6 Rc5 33.
Kd2 Kf7 34. Ke3 Bg6 35. Kd4 b6 36. h7 Rxe5 37. h8=N+ Kg7 38. Rxg6+ Kxh8 39.
Kxe5 1-0

[Event "Moscow-Open 2021_A"]
[Site "Moscow"]
[Date "2021.02.25"]
[Round "6.49"]
[White "Averin, Nikolay"]
[Black "Voinikonis, Nikita"]
[Result "1/2-1/2"]
[WhiteElo "1818"]
[BlackElo "2208"]
[PlyCount "40"]
[EventDate "2021.02.20"]

1. e4 e5 2. Nf3 Nc6 3. Nc3 Nf6 4. Bb5 a6 5. Bxc6 dxc6 6. Nxe5 Nxe4 7. Nxe4 Qd4
8. O-O Qxe5 9. Re1 Be6 10. d4 Qf5 11. Bg5 h6 12. Bh4 g5 13. Bg3 O-O-O 14. Be5
Rg8 15. Nf6 Rg7 16. g4 Qg6 17. Nh5 Rg8 18. Nf6 Rg7 19. Nh5 Rg8 20. Nf6 Rg7
1/2-1/2

[Event "Moscow-Open 2021_A"]
[Site "Moscow"]
[Date "2021.02.25"]
[Round "6.50"]
[White "Bratov, Ademir"]
[Black "Sharikov, Alexander"]
[Result "1-0"]
[WhiteElo "1813"]
[BlackElo "2170"]
[PlyCount "75"]
[EventDate "2021.02.20"]

1. e4 c6 2. d4 d5 3. e5 Bf5 4. h4 h6 5. g4 Be4 6. f3 Bh7 7. e6 Nf6 8. exf7+
Kxf7 9. Bd3 Bxd3 10. Qxd3 c5 11. Nh3 cxd4 12. g5 hxg5 13. Nxg5+ Kg8 14. h5 Qe8
15. Ne6 Rxh5 16. Rxh5 Qxh5 17. Bf4 Qh1+ 18. Qf1 Qxf1+ 19. Kxf1 Nc6 20. Na3 Kf7
21. Re1 a6 22. c3 dxc3 23. bxc3 g6 24. c4 dxc4 25. Nxc4 b5 26. Nb6 Ra7 27. Ng5+
Kg8 28. Rc1 Nb4 29. Rc8 Rb7 30. Ne6 Nh7 31. Bc7 Nxa2 32. Nd7 b4 33. Ndxf8 b3
34. Nd7+ Kf7 35. Nd8+ Ke8 36. Ne5 Rxc7 37. Rxc7 Kxd8 38. Rb7 1-0

[Event "Moscow-Open 2021_A"]
[Site "Moscow"]
[Date "2021.02.25"]
[Round "6.51"]
[White "Efimov, Leonid"]
[Black "Khmelev, Mikhail"]
[Result "1-0"]
[WhiteElo "1764"]
[BlackElo "2077"]
[PlyCount "75"]
[EventDate "2021.02.20"]

1. d4 Nf6 2. c4 c5 3. d5 b5 4. cxb5 a6 5. bxa6 g6 6. Nc3 Bg7 7. e4 d6 8. Nf3
Bxa6 9. Bxa6 Rxa6 10. O-O O-O 11. Qe2 Qa5 12. Nd2 Nbd7 13. Nc4 Qc7 14. Bf4 Rfa8
15. h3 Ne8 16. Rae1 Bxc3 17. bxc3 Rxa2 18. Qd3 f6 19. Bg3 Qa7 20. e5 Nxe5 21.
Bxe5 dxe5 22. f4 exf4 23. Rxf4 Qc7 24. Rfe4 Ra1 25. Qe3 Rxe1+ 26. Qxe1 Kf8 27.
Rh4 h5 28. Qe3 Ng7 29. Rf4 Ra1+ 30. Kf2 g5 31. Rf3 Qh2 32. Qxg5 Qg1+ 33. Kg3
Ra2 34. Ne3 Qe1+ 35. Kh2 Rd2 36. Qh6 Rd3 37. Rg3 Rxe3 38. Qh8+ 1-0

[Event "Moscow-Open 2021_A"]
[Site "Moscow"]
[Date "2021.02.25"]
[Round "6.52"]
[White "Ivannikov, Maksim"]
[Black "Zhuk, Kirill"]
[Result "1/2-1/2"]
[WhiteElo "1763"]
[BlackElo "2054"]
[PlyCount "84"]
[EventDate "2021.02.20"]

1. e4 c5 2. Nc3 e6 3. Nge2 Nc6 4. d4 cxd4 5. Nxd4 Qc7 6. Nxc6 bxc6 7. Bd3 Nf6
8. O-O Be7 9. f4 d5 10. Qf3 h5 11. exd5 exd5 12. f5 Ng4 13. Bf4 Bd6 14. Rae1+
Kf8 15. Bxd6+ Qxd6 16. g3 Bd7 17. Ne2 Re8 18. Nf4 Qc5+ 19. Kh1 Rxe1 20. Rxe1
Qf2 21. Qe2 Qxe2 22. Rxe2 h4 23. Kg2 hxg3 24. hxg3 Nf6 25. b4 Nh5 26. Kf3 Nxf4
27. Kxf4 Rh1 28. b5 Ra1 29. Ke5 Ke7 30. bxc6 Bxc6 31. c4 dxc4 32. Bxc4 Rd1 33.
Bb3 Rd3 34. Rc2 Bd7 35. g4 f6+ 36. Ke4 Rg3 37. Kf4 Rg1 38. Rc7 Kd6 39. Rxa7 g5+
40. fxg6 Rxg4+ 41. Kf3 Rxg6 42. Ba4 Bxa4 1/2-1/2

[Event "Moscow-Open 2021_A"]
[Site "Moscow"]
[Date "2021.02.25"]
[Round "6.53"]
[White "Bugaev, Anton"]
[Black "Pestryakov, Nikita"]
[Result "0-1"]
[WhiteElo "1648"]
[BlackElo "1978"]
[PlyCount "101"]
[EventDate "2021.02.20"]

1. d4 d6 2. e4 g6 3. Nc3 Bg7 4. Nf3 a6 5. Be3 b5 6. Qd2 Bb7 7. Bd3 Nd7 8. a4 b4
9. Ne2 c5 10. c3 bxc3 11. bxc3 Ngf6 12. Bh6 O-O 13. Bxg7 Kxg7 14. Ng3 cxd4 15.
cxd4 e5 16. O-O exd4 17. Qb4 Nc5 18. Rad1 a5 19. Qxd4 Nxd3 20. Rxd3 Ba6 21. e5
Ng8 22. exd6+ Qf6 23. Rfd1 Bxd3 24. Qxd3 Rfd8 25. Nd4 Rac8 26. h3 Nh6 27. Ne4
Qe5 28. Rb1 f5 29. Ng5 Rxd6 30. Rb7+ Kg8 31. Qb3+ Rd5 32. Nc2 Nf7 33. f4 Rd1+
34. Kf2 Qxf4+ 35. Nf3 Rc7 36. Rxc7 Qxc7 37. Ne3 Rc1 38. Qb2 f4 39. Nd5 Rc2+ 40.
Ke1 Rxb2 41. Nxc7 Rxg2 42. Ne6 g5 43. Nfd4 Rg3 44. h4 Ra3 45. hxg5 Rxa4 46. Kf2
Nxg5 47. Nxg5 Rxd4 48. Kf3 a4 49. Ne6 Rb4 50. Nxf4 Rxf4+ 51. Kxf4 0-1

[Event "Moscow-Open 2021_A"]
[Site "Moscow"]
[Date "2021.02.25"]
[Round "6.54"]
[White "Neklyudov, Taras"]
[Black "Boktaev, Adyan"]
[Result "1/2-1/2"]
[WhiteElo "1971"]
[BlackElo "1808"]
[PlyCount "125"]
[EventDate "2021.02.20"]

1. e4 c5 2. Nf3 d6 3. d4 cxd4 4. Nxd4 Nf6 5. f3 g6 6. c4 Bg7 7. Be3 Nc6 8. Qd2
h5 9. Nc3 Bd7 10. Be2 Rc8 11. O-O a6 12. Rac1 O-O 13. b3 Qa5 14. Rfd1 Kh7 15.
a4 Be6 16. Rb1 Qc7 17. Rdc1 Nxd4 18. Bxd4 Nd7 19. Be3 Qa5 20. Nd5 Qxd2 21. Bxd2
Bxd5 22. exd5 Rc7 23. a5 Rfc8 24. Be3 Bh6 25. f4 e5 26. dxe6 fxe6 27. Rd1 Bf8
28. Bf3 Rb8 29. Ra1 Kg7 30. Kf2 Kf7 31. Ke2 Ke7 32. Be4 Kf7 33. g3 Rd8 34. Rab1
Rb8 35. Ra1 Rd8 36. Bd4 Rdc8 37. h3 Nf6 38. Bf3 e5 39. fxe5 dxe5 40. Bb6 e4 41.
Bg2 Rc6 42. g4 hxg4 43. hxg4 Bc5 44. Bd8 Nxg4 45. Bh3 Nf2 46. Bxc8 Nxd1 47.
Bxb7 Nc3+ 48. Ke1 Rd6 49. Bg5 e3 50. Bf3 Ke6 51. Bf4 Rd2 52. Rc1 Rf2 53. Bg4+
Kf6 54. Bxe3 Bxe3 55. Rxc3 Bd2+ 56. Kxf2 Bxc3 57. Ke3 Ke5 58. Bc8 Bxa5 59. Bxa6
Bb4 60. Bb7 g5 61. Bc8 Kd6 62. Kd4 Ba3 63. Bg4 1/2-1/2

[Event "Moscow-Open 2021_A"]
[Site "Moscow"]
[Date "2021.02.25"]
[Round "6.55"]
[White "Zemlyanskii, Ivan"]
[Black "Yarikov, Artem"]
[Result "1-0"]
[WhiteElo "1950"]
[BlackElo "1778"]
[PlyCount "73"]
[EventDate "2021.02.20"]

1. e4 c5 2. Nf3 Nc6 3. d4 cxd4 4. Nxd4 Nf6 5. Nc3 e5 6. Ndb5 d6 7. Bg5 a6 8.
Na3 b5 9. Bxf6 gxf6 10. Nd5 Bg7 11. g3 Be6 12. Bg2 O-O 13. O-O Bxd5 14. Qxd5
Qc7 15. c3 Rac8 16. Rac1 Rfd8 17. Nc2 Na5 18. Bh3 Rb8 19. Qd1 Nc6 20. Ne3 Ne7
21. Qf3 Qb7 22. Rcd1 Qc6 23. Rd3 a5 24. Rfd1 Rb6 25. Nd5 Nxd5 26. exd5 Qc7 27.
b3 b4 28. c4 a4 29. Re3 axb3 30. axb3 Ra6 31. Re4 Rda8 32. Rg4 Kh8 33. Qf5 Ra1
34. Rxa1 Rxa1+ 35. Bf1 Ra2 36. Bd3 Kg8 37. Qxf6 1-0

[Event "Moscow-Open 2021_A"]
[Site "Moscow"]
[Date "2021.02.25"]
[Round "6.56"]
[White "Kleimenov, Nikolay"]
[Black "Gaer, Igor"]
[Result "1-0"]
[WhiteElo "1600"]
[BlackElo "1916"]
[PlyCount "83"]
[EventDate "2021.02.20"]

1. e4 c5 2. Nc3 a6 3. g3 Nc6 4. Bg2 g6 5. f4 d6 6. d3 Bg7 7. h3 e6 8. Nf3 Nge7
9. O-O O-O 10. g4 f5 11. Qe1 Nd4 12. Nxd4 Bxd4+ 13. Be3 Bg7 14. Qg3 Nc6 15. Ne2
Nd4 16. Nxd4 cxd4 17. Bd2 fxg4 18. hxg4 e5 19. f5 g5 20. c3 dxc3 21. bxc3 Bd7
22. Bf3 h6 23. Bd1 Bf6 24. Bb3+ Kg7 25. Kg2 Bc6 26. Qf3 a5 27. Rh1 a4 28. Be6
Ra5 29. c4 Ra8 30. Rab1 Rh8 31. Qf2 Ra6 32. Be3 Qe8 33. Qd2 Qd8 34. Qb4 Qa5 35.
Qxa5 Rxa5 36. Bd5 Be7 37. Bxc6 bxc6 38. Rb7 Kf6 39. Bxg5+ Kxg5 40. Rxe7 Kxg4
41. Rg7+ Kf4 42. Rh3 1-0

[Event "Moscow-Open 2021_A"]
[Site "Moscow"]
[Date "2021.02.25"]
[Round "6.57"]
[White "Gornostaev, Yakov"]
[Black "Talalov, Anton"]
[Result "1/2-1/2"]
[WhiteElo "1888"]
[BlackElo "1766"]
[PlyCount "88"]
[EventDate "2021.02.20"]

1. Nf3 d5 2. g3 Nf6 3. Bg2 c6 4. b3 g6 5. Bb2 Bg7 6. O-O O-O 7. d3 Re8 8. Nbd2
Qc7 9. d4 Nbd7 10. c4 e6 11. Qc2 b6 12. Rfe1 Bb7 13. Rac1 Rac8 14. h3 Qb8 15.
b4 c5 16. bxc5 bxc5 17. dxc5 Nxc5 18. Be5 Qa8 19. Qb2 Ncd7 20. Bd4 a5 21. cxd5
Bxd5 22. Bf1 Qb8 23. Qxb8 Rxb8 24. e4 Ba8 25. a4 Rec8 26. Rxc8+ Rxc8 27. Bb5
Rc7 28. Nc4 Bxe4 29. Nfd2 Bd3 30. Nxa5 Bxb5 31. axb5 Nd5 32. Bxg7 Kxg7 33. Ne4
N7b6 34. Nd6 Ra7 35. Ra1 Ra8 36. Ra3 Kf8 37. Ndc4 Nxc4 38. Nxc4 Rxa3 39. Nxa3
Nb6 40. Kg2 Ke7 41. Kf3 Kd6 42. Ke4 f6 43. f4 Kc5 44. Nc2 Nd5 1/2-1/2

[Event "Moscow-Open 2021_A"]
[Site "Moscow"]
[Date "2021.02.25"]
[Round "6.58"]
[White "Pranizin, Evgeny"]
[Black "Kirushin, Ivan"]
[Result "1-0"]
[WhiteElo "1850"]
[BlackElo "1765"]
[PlyCount "89"]
[EventDate "2021.02.20"]

1. e4 d6 2. d4 g6 3. Nc3 Bg7 4. Be3 Nf6 5. Be2 c6 6. h4 h5 7. Qd2 e5 8. f3 Qc7
9. O-O-O b6 10. Nh3 Bxh3 11. Rxh3 Nbd7 12. d5 c5 13. Nb5 Qb8 14. Bg5 a6 15. Nc3
Nh7 16. Be3 Qb7 17. g4 O-O-O 18. Rg1 Nhf6 19. g5 Nh7 20. f4 exf4 21. Bxf4 Ne5
22. Nd1 Rhf8 23. Ra3 c4 24. Ne3 b5 25. Qa5 f6 26. Bxe5 dxe5 27. Qxa6 Qxa6 28.
Rxa6 Kb7 29. Rc6 Rd7 30. b3 fxg5 31. Rxg6 Rf2 32. Bxh5 Nf6 33. Ng4 Nxg4 34.
Bxg4 Rc7 35. bxc4 Bf6 36. hxg5 Rxc4 37. Rxf6 Rcxc2+ 38. Kd1 Rfd2+ 39. Ke1 Rxa2
40. Bd1 b4 41. Rg3 Rd4 42. Rf2 Ra1 43. Rd2 Rxe4+ 44. Kf2 Rf4+ 45. Kg2 1-0

[Event "Moscow-Open 2021_A"]
[Site "Moscow"]
[Date "2021.02.25"]
[Round "6.59"]
[White "Finkelstein, Alexander"]
[Black "Tandelov, Arseny"]
[Result "1-0"]
[WhiteElo "1833"]
[BlackElo "1657"]
[PlyCount "121"]
[EventDate "2021.02.20"]

1. d4 d6 2. Nf3 Nf6 3. c4 g6 4. Nc3 Bf5 5. e3 Bg7 6. Bd3 Bxd3 7. Qxd3 Nbd7 8.
O-O O-O 9. b3 e5 10. Bb2 Re8 11. Ne4 Nxe4 12. Qxe4 exd4 13. Qxb7 dxe3 14. Bxg7
e2 15. Rfe1 Kxg7 16. Nd4 Qf6 17. Nf3 Nc5 18. Qd5 c6 19. Qd2 Re4 20. Rac1 Rae8
21. Rc3 Rg4 22. Qc2 Ne6 23. h3 Rf4 24. Rxe2 Rxf3 25. Rxf3 Qa1+ 26. Kh2 Nd4 27.
Qb2 Qxb2 28. Rxb2 Nxf3+ 29. gxf3 d5 30. Rd2 Rd8 31. Kg3 f5 32. Kf4 Kf6 33. cxd5
cxd5 34. Ke3 Ke5 35. f4+ Kd6 36. Kd3 Re8 37. Rc2 Re4 38. Rc8 Rxf4 39. Ra8 Kc5
40. Rxa7 Rf3+ 41. Ke2 Rxh3 42. Rb7 Rh4 43. a3 Rh3 44. a4 h5 45. a5 Rh1 46. a6
Ra1 47. b4+ Kd4 48. a7 h4 49. Kf3 h3 50. Kg3 Ra3+ 51. Kh2 Ra2 52. Kxh3 Ke4 53.
Kg2 d4 54. b5 Kd5 55. b6 Kc6 56. Rb8 g5 57. a8=Q+ Rxa8 58. Rxa8 Kxb6 59. Rf8 f4
60. Rf5 d3 61. Rd5 1-0

[Event "Moscow-Open 2021_A"]
[Site "Moscow"]
[Date "2021.02.25"]
[Round "6.60"]
[White "Khripachenko, Alexander"]
[Black "Basiev, Georgiy"]
[Result "1-0"]
[WhiteElo "1825"]
[BlackElo "1448"]
[PlyCount "97"]
[EventDate "2021.02.20"]

1. d4 Nf6 2. c4 g6 3. Nc3 Bg7 4. e4 d6 5. f3 O-O 6. Be3 e5 7. Nge2 Nc6 8. d5
Ne7 9. Qd2 Nd7 10. g4 b6 11. Ng3 Re8 12. h4 a6 13. h5 b5 14. Bh6 Bh8 15. hxg6
fxg6 16. Qh2 Kf7 17. O-O-O b4 18. Nb1 Ng8 19. Be3 Bg7 20. Be2 Rf8 21. Rdf1 Ke8
22. g5 Ne7 23. Qxh7 Rf7 24. Qh4 Ng8 25. Rh2 Qe7 26. Qh7 Qf8 27. Qxg6 Ne7 28.
Qh5 Kd8 29. Rhf2 Rf4 30. Nd2 c5 31. Qh7 Kc7 32. Bxf4 exf4 33. Nf5 Nxf5 34. exf5
Bd4 35. Ne4 Kb6 36. f6 Ne5 37. Rg2 Ra7 38. Qh6 Qxh6 39. gxh6 Bh3 40. Rg7 Bxf1
41. Nxd6 Ra8 42. Bxf1 Rh8 43. f7 Nd7 44. Bh3 Nf8 45. Rg8 Ng6 46. Rxg6 Kc7 47.
Nf5 Rf8 48. Nxd4 cxd4 49. d6+ 1-0

[Event "Moscow-Open 2021_A"]
[Site "Moscow"]
[Date "2021.02.25"]
[Round "6.61"]
[White "Chuklin, Ivan"]
[Black "Yurasov, Matfey"]
[Result "1-0"]
[WhiteElo "2181"]
[BlackElo "1402"]
[PlyCount "43"]
[EventDate "2021.02.20"]

1. e4 c5 2. Nf3 Nc6 3. d4 cxd4 4. Nxd4 e6 5. Nb5 d6 6. c4 a6 7. N5c3 Nf6 8. Be2
Be7 9. O-O Bd7 10. Be3 Qa5 11. Nd2 Rb8 12. a3 h6 13. b4 Qe5 14. Rc1 Nd4 15. Bd3
Nc6 16. b5 axb5 17. cxb5 Na5 18. Be2 Nh7 19. f4 Qf6 20. e5 Qf5 21. Nde4 Nf8 22.
Nxd6+ 1-0

[Event "Moscow-Open 2021_A"]
[Site "Moscow"]
[Date "2021.02.25"]
[Round "6.62"]
[White "Chertkov, Maksim"]
[Black "Druchenko, Mikhail"]
[Result "1/2-1/2"]
[WhiteElo "1972"]
[BlackElo "1761"]
[PlyCount "120"]
[EventDate "2021.02.20"]

1. e4 e5 2. Nf3 Nc6 3. Bb5 a6 4. Ba4 Nf6 5. O-O b5 6. Bb3 Bb7 7. d4 Nxd4 8.
Bxf7+ Kxf7 9. Nxe5+ Kg8 10. Qxd4 d6 11. Qe3 dxe5 12. Qb3+ Bd5 13. exd5 Qxd5 14.
Nc3 Qf7 15. Bg5 Bd6 16. Bxf6 gxf6 17. Nd5 Kg7 18. c4 Rab8 19. Ne3 Rhd8 20. Qc2
bxc4 21. Nxc4 Bf8 22. Na5 Rd5 23. Nb3 Rbd8 24. Rac1 R8d7 25. Qc6 R5d6 26. Qa4
Rb6 27. Rfd1 Rxd1+ 28. Rxd1 Bd6 29. Rd3 Kf8 30. Qh4 Rb4 31. Qh6+ Qg7 32. Qd2
Rb6 33. Nc5 Ke8 34. Ne4 Ke7 35. Rf3 Qg6 36. Qc2 f5 37. Nc3 e4 38. Nd5+ Kd8 39.
Rc3 Rb7 40. Rc6 Qe6 41. Qc4 Rxb2 42. g3 Rd2 43. Ne3 Qxc4 44. Rxc4 f4 45. gxf4
Bxf4 46. a4 Rd7 47. Rxe4 Rg7+ 48. Ng2 Bd6 49. h3 c5 50. Kf1 Kc7 51. Ne3 Rg6 52.
Ke2 Kc6 53. f4 Rh6 54. Nf5 Rf6 55. Nxd6 Kxd6 56. Kd3 Rf5 57. Kc4 Rf8 58. Kc3
Rf5 59. Kc4 Rf8 60. Kc3 Rf5 1/2-1/2

[Event "Moscow-Open 2021_A"]
[Site "Moscow"]
[Date "2021.02.25"]
[Round "6.63"]
[White "Borisov, Yury"]
[Black "Bardyk, Artem"]
[Result "0-1"]
[WhiteElo "1972"]
[BlackElo "1742"]
[PlyCount "82"]
[EventDate "2021.02.20"]

1. c4 Nf6 2. Nc3 c5 3. g3 Nc6 4. Bg2 g6 5. e3 Bg7 6. d4 cxd4 7. exd4 d6 8. Nge2
O-O 9. O-O e5 10. d5 Ne7 11. h3 Nh5 12. g4 Nf6 13. Ng3 Ne8 14. f4 f5 15. Be3
fxg4 16. hxg4 exf4 17. Nge4 fxe3 18. Rxf8+ Bxf8 19. Qf3 Qb6 20. c5 dxc5 21. Rf1
Bf5 22. Bh3 c4 23. Ne2 Nd6 24. Nxd6 Qxd6 25. gxf5 Nxf5 26. Bxf5 gxf5 27. Nf4
Qe5 28. Qg2+ Qg7 29. Ne6 Qxg2+ 30. Kxg2 Bg7 31. Rc1 b5 32. Rc2 Be5 33. Kf3 f4
34. Ke4 Bd6 35. Rg2+ Kf7 36. Kf3 Rg8 37. Ng5+ Ke7 38. Nxh7 Rxg2 39. Kxg2 e2 40.
Kf2 f3 41. Ng5 Bg3+ 0-1